Introductory mathematics & statistics for business / (Record no. 6715)

MARC details
000 -LEADER
fixed length control field 01116nam a2200205Ia 4500
020 ## - INTERNATIONAL STANDARD BOOK NUMBER
ISBN 0074710427
050 ## - CALL NUMBER
Classification number QA276.12
Item number .C76
100 1# - AUTHOR
Personal name Croucher, John S.
245 10 - TITLE
Title Introductory mathematics & statistics for business /
Statement of responsibility, etc John S. Croucher.
250 ## - EDITION
Edition statement Fourth edition.
260 ## - PUBLICATION INFORMATION
Place of publication Roseville, N.S.W.
Name of publisher McGraw-Hill
Year of publication ©2002.
300 ## - DESCRIPTION
Number of Pages 1 volume (various pagings) :
Other physical details illustrations ;
Dimensions 24 cm.
500 ## - NOTES
General note Includes index.
505 ## - FORMATTED CONTENTS NOTE
Table of Content MathematicsM1. Basic MathematicsM2. PercentagesM3. AlgebraM4. Ratios and ProportionsM5. Simple InterestM6. Compound InterestM7. AnnuitiesM8. DepreciationM9. GraphingStatisticsS1. Introduction to StatisticsS2. Visual Presentation of DataS3. Measures of Central TendencyS4. Measures of DispersionS5. SamplingS6. Elementary ProbabilityS7. The Normal DistributionS8. CorrelationS9. Regression AnalysisS10. Index NumbersS11. Time Series and Trend AnalysisS12. Hypothesis TestingS13. Analysis of Frequency Data
650 #0 - SUBJECTS
Topical Term Business mathematics.
650 #0 - SUBJECTS
Topical Term Business mathematics
650 #0 - SUBJECTS
Topical Term Commercial statistics.
650 #0 - SUBJECTS
Topical Term Commercial statistics
942 ## - ADDED ENTRY ELEMENTS (KOHA)
Koha item type Books
Holdings
Withdrawn status Lost status Collection code Home library Current library Shelving location Date acquired Full call number Accession Number Koha item type
    Reference Methodist University Library Main Methodist University Library Main General Stacks 12/03/2008 QA276.12 .C76 29557 Books
Copyright © 2026  MUG Library